000 00215nam a2200097Ia 4500
008 120527s9999 xx 000 0 und d
100 _aKERSHAW,Kate.
245 _aFresh as a Daisy.
260 _bChimera
942 _cBK
999 _c23753
_d23753